THE HUMAN BODY IN HEALTH AND DISEASE (Record no. 34120)

MARC details
000 -LEADER
fixed length control field 00425nam a22001697a 4500
003 - CONTROL NUMBER IDENTIFIER
control field OSt
005 - DATE AND TIME OF LATEST TRANSACTION
control field 20220401093143.0
008 - FIXED-LENGTH DATA ELEMENTS--GENERAL INFORMATION
fixed length control field 220401b |||||||| |||| 00| 0 eng d
020 ## - INTERNATIONAL STANDARD BOOK NUMBER
International Standard Book Number 978-0-323-40211-8
040 ## - CATALOGING SOURCE
Original cataloging agency DDC
Transcribing agency HU
082 ## - DEWEY DECIMAL CLASSIFICATION NUMBER
Edition number 7TH
Classification number 612
Item number 2
100 ## - MAIN ENTRY--PERSONAL NAME
Personal name KEVIN T PATTON
9 (RLIN) 34921
245 ## - TITLE STATEMENT
Title THE HUMAN BODY IN HEALTH AND DISEASE
250 ## - EDITION STATEMENT
Edition statement 7TH
260 ## - PUBLICATION, DISTRIBUTION, ETC.
Place of publication, distribution, etc. ST.LOUIS
Name of publisher, distributor, etc. ELSEVIER,INC
Date of publication, distribution, etc. 2018
942 ## - ADDED ENTRY ELEMENTS (KOHA)
Source of classification or shelving scheme Dewey Decimal Classification
Koha item type Books like text book referance book
Suppress in OPAC No
Holdings
Withdrawn status Lost status Source of classification or shelving scheme Damaged status Not for loan Home library Current library Date acquired Total Checkouts Full call number Barcode Date last seen Copy number Price effective from Koha item type
    Dewey Decimal Classification     College of Medicine and Health’s Sciences Library College of Medicine and Health’s Sciences Library 04/01/2022   612-PAT-2018 CMHSL00011726 04/01/2022 1 04/01/2022 Books like text book referance book
    Dewey Decimal Classification     College of Medicine and Health’s Sciences Library College of Medicine and Health’s Sciences Library 04/01/2022   612-PAT-2018 CMHSL00011727 04/01/2022 2 04/01/2022 Books like text book referance book